Normal view
MARC view
- McKenna, J. D.
Entry Personal Name
001 - CONTROL NUMBER
- control field: 6895
003 - CONTROL NUMBER IDENTIFIER
- control field: NUST
005 - DATE AND TIME OF LATEST TRANSACTION
- control field: 20171204095259.0
008 - FIXED-LENGTH DATA ELEMENTS
- fixed length control field: 171204|| aca||aabn | a|a d
040 ## - CATALOGING SOURCE
- Original cataloging agency: NUST
- Transcribing agency: NUST
100 ## - HEADING--PERSONAL NAME
- Personal name: McKenna, J. D.
670 ## - SOURCE DATA FOUND
- Source citation: Work cat.: (NUST)0: Mycock, John C. 6894, Handbook of air pollution control engineering and technology /, c1995.
